000 00534nmm a2200193Ia 4500
008 251105s9999||||xx |||||||||||||||||und||
020 _a9788484285977
041 _aspa
100 _aCollins, Wilkie
245 0 _aLa Piedra Lunar
264 _a[Madrid, España] :
_bAlba Editorial,
_c2011
300 _a420 páginas
490 _aClásica Maior
650 _aEnglish Narrative
700 _aCollins, Wilkie
700 1 _a Martínez Muñoz, Catalina
856 _uhttps://public.digitaliapublishing.com/a/38363
942 _cCF
999 _c64095
_d64095